Горе от ума: комедия четырех действиях, в стихах; Недоросль; Темы сочинений по творчеству Д. И. Фонвизина и А. С. Грибоедова; Тезисные планы сочинений; Сочинения

Bibliographische Detailangaben
1. Verfasser: Грибоедов А. С. Александр Сергеевич
Zusammenfassung:Настоящее издание кроме пьес Д. И. Фонвизина «Недоросль» и А. С. Грибоедова «Горе от ума» содержит дополнительный материал в помощь школьникам: комментарии, темы сочинений и развернутые планы некоторых из них. Для учащихся старших классов.
Sprache:Russisch
Veröffentlicht: Москва, АСТ, 2007
Copublished:Д. И. Фонвизин. Недоросль; . Темы сочинений по творчеству Д. И. Фонвизина и А. С. Грибоедова; . Тезисные планы сочинений; . Сочинения
Schriftenreihe:Хрестоматия школьника
Schlagworte:
Format: MixedMaterials Buch
KOHA link:https://koha.lib.tpu.ru/cgi-bin/koha/opac-detail.pl?biblionumber=122641

MARC

LEADER 00000nam0a2200000 4500
001 122641
005 20231101215745.0
010 |a 5170275943 
010 |a 5-271--10741-8 
035 |a (RuTPU)RU\TPU\book\132775 
090 |a 122641 
100 |a 20071005d2007 m y0rusy50 ca 
101 0 |a rus 
102 |a RU 
105 |a y z 000gy 
200 1 |a Горе от ума  |e комедия четырех действиях, в стихах  |f А. С. Грибоедов 
210 |a Москва  |c АСТ  |c Астрель  |d 2007 
215 |a 234 с. 
225 1 |a Хрестоматия школьника 
330 |a Настоящее издание кроме пьес Д. И. Фонвизина «Недоросль» и А. С. Грибоедова «Горе от ума» содержит дополнительный материал в помощь школьникам: комментарии, темы сочинений и развернутые планы некоторых из них. Для учащихся старших классов. 
423 |t Недоросль  |o комедия в пяти действиях  |f Д. И. Фонвизин 
423 |t Темы сочинений по творчеству Д. И. Фонвизина и А. С. Грибоедова 
423 |t Тезисные планы сочинений 
423 |t Сочинения  |a Фонвизин, Денис Иванович 
610 1 |a русская литература 
610 1 |a пьесы 
610 1 |a комедии 
675 |a Р1  |v 3 
700 1 |a Грибоедов  |b А. С.  |c русский писатель и дипломат  |f 1791-1829  |g Александр Сергеевич  |2 stltpush  |3 (RuTPU)RU\TPU\pers\244  |9 124 
801 1 |a RU  |b 63413507  |c 20071005  |g PSBO 
801 2 |a RU  |b 63413507  |c 20141219  |g PSBO 
942 |c BK